Statystyki dla kto wygrał tę bitwe- polski freestyle

Kliknij tutaj aby rozwiązać quiz!

Ogólne statystyki

  • Ten quiz został rozwiązany 22 razy
  • Średni wynik to 8 z 12

Statystyki odpowiedzi

HintOdpowiedź% Poprawnych
bitwa o południe 2022filipek
100%
kontrowersy 2020koro
91%
bitwa o małopolske 2 - 2024narys
82%
bitwa o pitos 3pueblos
77%
wbw 2013 finałszyderca
64%
wbs 2018bober
59%
bitwa o stocznie 2023milu
59%
bitwa o zagłebie 2023recha
59%
wbw 2009 finałflint
55%
bitwa o małopolske 2023wawrzyn
55%
pfl sezon 7manu
45%
bitwa o odre - opolecerber
32%

Rozkład punktacji

Percentyl według liczby udzielonych odpowiedzi

Procent ludzi z każdym wynikiem

Twoja historia wyników

Nie rozwiązałeś tego quizu